000 00579nam a2200253Ia 4500
008 210210b1913 xxu||||| |||| 00| 0 eng d
041 _aeng
082 _a822/356
100 _aDE QUINCEY (T)
245 _aWorks Vol II recollections of the lake and the lake poets
260 _aEdinburgh
_bAdam and Charles Black
_c1913
440 _aII
650 _aWorks
650 _aVol
650 _athe
650 _arecollections
650 _apoets
650 _aof
650 _alake
650 _aII
650 _aand
690 _aEnglish Prose
906 _a012542
999 _c131348
_d131348